00301nam a2200121Ia 4500008004100000082001600041100001200057245004700069250000800116260002300124300001000147650002200157150201s2011 xx 000 0 und d a370bE2011N aN.KUMAR aEDUCATIONAL TECHNOLOGY : THEORY & PRACTICE a1ST bAITBSaDELHIc2011 a1-446 aGENERAL DENTISTRY